| 000 | 00966nam a2200253Ia 4500 | ||
|---|---|---|---|
| 003 | GCL | ||
| 008 | 140319s9999 xx 000 0 ara d | ||
| 020 | _a9271069957 | ||
| 040 |
_aGCL / _cGCL |
||
| 082 | 0 | 4 |
_a370.9 _bع ن |
| 100 | 1 | _aعبداللطيف بن حسين فرج | |
| 245 | 1 | 0 |
_aنظم التربية والتعليم فى العالم / _cعبداللطيف بن حسين فرج |
| 250 | _aالاولى | ||
| 260 |
_aالاردن : _bدار المسيرة للنشر والتوزيع والطباعة ، _c2005 |
||
| 300 |
_a528 ص ؛ _c24 سم |
||
| 650 | 0 | 4 | _aالتعليم - الولايات المتحدة الامريكية |
| 650 | 0 | 4 | _aالتعليم - العالم العربى |
| 650 | 0 | 4 | _aالتعليم - اوروبا |
| 650 | 0 | 4 | _aالتعليم - تطوير |
| 650 | 0 | 4 | _aالتعليم - افريقيا |
| 650 | 0 | 4 | _aالتعليم - امريكا اللاتينية |
| 650 | 0 | 4 | _aالتعليم - اسيا |
| 942 |
_2ddc _cBK |
||
| 999 |
_c9939 _d9939 |
||